Загадочная личность: повести для детей

Бібліографічні деталі
Автор: Христолюбова И. П. Ирина Петровна
Інші автори: Можаева С. П. (иллюстратор)
Резюме:Исключено из фонда НТБ ТПУ
Мова:Російська
Опубліковано: Пермь, Пермское книжное издательство, 1991
Формат: MixedMaterials Книга
KOHA link:https://koha.lib.tpu.ru/cgi-bin/koha/opac-detail.pl?biblionumber=156123

MARC

LEADER 00000nam0a2200000 4500
001 156123
005 20231031152927.0
010 |a 5762502104 
020 |a RU  |b 91-46527 
035 |a (RuTPU)RU\TPU\book\169323 
090 |a 156123 
100 |a 20090323d1991 d y0rusy5003 ca 
101 0 |a rus 
102 |a RU 
105 |a a z 000ay 
200 1 |a Загадочная личность  |e повести для детей  |f И. П. Христолюбова  |g худож. С. П. Можаева 
210 |a Пермь  |c Пермское книжное издательство  |d 1991 
215 |a 364,[2] с.  |c ил. 
333 |a Исключено из фонда НТБ ТПУ 
700 1 |a Христолюбова  |b И. П.  |g Ирина Петровна 
702 1 |a Можаева  |b С. П.  |4 440 
801 0 |a RU  |b RuMRKP  |c 19950417  |g psbo 
801 1 |a RU  |b 63413507  |c 20090323  |g PSBO 
801 2 |a RU  |b 63413507  |c 20220517  |g PSBO 
942 |c BK